[Event "Wch U14 Girls blitz"]
[Site "Batumi"]
[Date "2023.06.11"]
[Round "11"]
[White "Mai, Hieu Linh"]
[Black "Nurgaliyeva, Zarina"]
[Result "1/2-1/2"]
[WhiteElo "1378"]
[BlackElo "2016"]
[PlyCount "71"]
[EventDate "2023.06.10"]
[EventType "swiss (blitz)"]
[EventRounds "11"]
[EventCountry "GEO"]
[SourceTitle "EXT 2024"]
[Source "ChessBase"]
[SourceDate "2023.10.10"]
[SourceVersion "1"]
[SourceVersionDate "2023.10.10"]
[SourceQuality "1"]
[WhiteTeam "Vietnam"]
[BlackTeam "Kazakhstan"]
[WhiteTeamCountry "VIE"]
[BlackTeamCountry "KAZ"]

1. e4 e5 2. Nf3 Nc6 3. Bc4 Nf6 4. d3 Bc5 5. c3 d6 6. Nbd2 a5 7. Bb3 h6 8. h3 Be6 9. Bc2 0-0 10. 0-0 d5 11. Re1 Re8 12. Nf1 Bf8 13. Ng3 Qd6 14. Ba4 Rad8 15. Be3 Bd7 16. Bc2 b5 17. d4 dxe4 18. Nxe4 Nxe4 19. Bxe4 exd4 20. Bxd4 Nxd4 21. Nxd4 c5 22. Nf3 Qxd1 23. Raxd1 Be6 24. Bc6 Rxd1 25. Rxd1 Rb8 26. a3 b4 27. axb4 axb4 28. Ne5 g6 29. Nd7 Bxd7 30. Rxd7 bxc3 31. bxc3 Re8 32. Bd5 Re7 33. Rxe7 Bxe7 34. c4 Bf6 35. Kf1 Bd4 36. f3 1/2-1/2

[Event "Wch U14 Girls rapid"]
[Site "Batumi"]
[Date "2023.06.07"]
[Round "6"]
[White "Mai, Hieu Linh"]
[Black "Mgeladze, Kesaria"]
[Result "1-0"]
[WhiteElo "1545"]
[BlackElo "1682"]
[PlyCount "137"]
[EventDate "2023.06.06"]
[EventType "swiss (rapid)"]
[EventRounds "11"]
[EventCountry "GEO"]
[SourceTitle "EXT 2024"]
[Source "ChessBase"]
[SourceDate "2023.10.10"]
[SourceVersion "1"]
[SourceVersionDate "2023.10.10"]
[SourceQuality "1"]
[WhiteTeam "Vietnam"]
[BlackTeam "Georgia"]
[WhiteTeamCountry "VIE"]
[BlackTeamCountry "GEO"]

1. e4 c5 2. Nf3 g6 3. c3 d5 4. exd5 Qxd5 5. d4 Bg7 6. Be2 cxd4 7. cxd4 Nf6 8. Nc3 Qd8 9. h3 0-0 10. 0-0 b6 11. Ne5 Bb7 12. Be3 Nd5 13. Nxd5 Bxd5 14. Bf3 f6 15. Nd3 Na6 16. Rc1 Bxf3 17. Qxf3 Nc7 18. Nb4 Kh8 19. Rfe1 Qd7 20. Qb7 Qd6 21. Rxc7 Rfb8 22. Qc6 Qxb4 23. Qc1 Re8 24. a3 Qd6 25. Qc4 f5 26. Rc6 Qd7 27. Rc1 Red8 28. Rc7 Qd6 29. Qf7 Rf8 30. Qxe7 Qxe7 31. Rxe7 f4 32. Rcc7 fxe3 33. Rxg7 exf2+ 34. Kf1 Rfc8 35. Rxh7+ Kg8 36. Kxf2 Rxc7 37. Rxc7 a6 38. Rc6 Kg7 39. Rxb6 a5 40. Ke3 Kf7 41. Kd3 g5 42. Rb5 Kf6 43. g4 a4 44. Rb6+ Kg7 45. d5 Rh8 46. Ke4 Rxh3 47. Kf5 Rd3 48. Rb5 Kf7 49. Rb7+ Kf8 50. Ke6 Re3+ 51. Kd7 Rd3 52. d6 Rd1 53. Rb5 Rd4 54. Rf5+ Kg7 55. Rxg5+ Kf6 56. Rf5+ Kg6 57. Rf2 Rxg4 58. Kd8 Rd4 59. d7 Kg7 60. Rf5 Kg6 61. Rf8 Kg7 62. Rf3 Rd1 63. Rf4 Rd2 64. Rxa4 Rxb2 65. Kc7 Rc2+ 66. Kd6 Rd2+ 67. Ke6 Re2+ 68. Kd5 Rd2+ 69. Rd4 1-0

[Event "VIE-ch U13 Girls"]
[Site "Hanoi"]
[Date "2022.06.15"]
[Round "6"]
[White "Mai, Hieu Linh"]
[Black "Huynh, Phuc Minh Phuong"]
[Result "1-0"]
[WhiteElo "2146"]
[BlackElo "2134"]
[PlyCount "53"]
[EventDate "2022.06.11"]
[EventType "swiss"]
[EventRounds "9"]
[EventCountry "VIE"]
[SourceTitle "EXT 2023"]
[Source "ChessBase"]
[SourceDate "2022.10.05"]
[SourceVersion "1"]
[SourceVersionDate "2022.10.05"]
[SourceQuality "1"]

1. e4 c6 2. d4 d5 3. exd5 cxd5 4. Bd3 Nc6 5. c3 Qc7 6. h3 e6 7. Nf3 Bd6 8. 0-0 h6 9. Re1 Nf6 10. Nbd2 0-0 11. Qe2 Nd7 12. Bc2 b6 13. Nf1 Bb7 14. Ne3 Nf6 15. Ng4 Nxg4 16. hxg4 Bf4 17. g5 Bxc1 18. Raxc1 Qf4 19. g3 Qg4 20. gxh6 gxh6 21. Kg2 Ne7 22. Rh1 Ng6 23. Bxg6 Qxg6 24. Rh4 Rfd8 25. Rch1 Kg7 26. Ne5 Qf5 27. Rf4 1-0

[Event "Hanoi (Women) op 12"]
[Site "Hanoi"]
[Date "2022.??.??"]
[Round "7"]
[White "Mai, Hieu Linh"]
[Black "Do, Dinh Hong Chinh"]
[Result "1-0"]
[WhiteElo "1451"]
[BlackElo "1962"]
[PlyCount "93"]
[EventDate "2022.12.11"]
[EventType "swiss"]
[EventRounds "9"]
[EventCountry "VIE"]
[SourceTitle "CBM 211 Extra"]
[Source "ChessBase"]
[SourceDate "2023.01.31"]
[SourceVersion "1"]
[SourceVersionDate "2023.01.31"]
[SourceQuality "1"]

1. e4 c6 2. d4 d5 3. exd5 cxd5 4. Bd3 Nf6 5. h3 Nc6 6. c3 e6 7. Nf3 Bd6 8. 0-0 0-0 9. Re1 Qc7 10. Qe2 Nd7 11. Bc2 e5 12. dxe5 Ndxe5 13. Nxe5 Nxe5 14. Be3 Bd7 15. Nd2 Rfe8 16. Rad1 Bc6 17. Qh5 Ng6 18. Nf3 Bf4 19. Bxf4 Qxf4 20. Ng5 Rxe1+ 21. Rxe1 Re8 22. Rd1 Re5 23. Qxh7+ Kf8 24. Nf3 Re6 25. Bxg6 fxg6 26. Rd4 Qh6 27. Qxh6 gxh6 28. Rd2 b6 29. Nd4 Re1+ 30. Kh2 Bb7 31. Kg3 Kf7 32. Nb5 a6 33. Nd6+ Ke7 34. Nxb7 Kd7 35. Na5 bxa5 36. Rxd5+ Kc6 37. Rxa5 Kb6 38. Rd5 Kc6 39. Rd2 Ra1 40. a3 Rb1 41. Kf3 Kc5 42. h4 a5 43. b4+ axb4 44. axb4+ Kc6 45. Ke3 Rh1 46. g3 Rc1 47. Kd4 1-0

[Event "Hanoi (Women) op 12"]
[Site "Hanoi"]
[Date "2022.??.??"]
[Round "5"]
[White "Mai, Hieu Linh"]
[Black "Tran, Thi Hong Ngoc"]
[Result "1/2-1/2"]
[WhiteElo "1451"]
[BlackElo "1960"]
[PlyCount "60"]
[EventDate "2022.12.11"]
[EventType "swiss"]
[EventRounds "9"]
[EventCountry "VIE"]
[SourceTitle "CBM 211 Extra"]
[Source "ChessBase"]
[SourceDate "2023.01.31"]
[SourceVersion "1"]
[SourceVersionDate "2023.01.31"]
[SourceQuality "1"]

1. e4 c5 2. Nf3 d6 3. c3 Nf6 4. Bd3 g6 5. Bc2 Nc6 6. h3 Bg7 7. d4 0-0 8. 0-0 e5 9. Be3 cxd4 10. cxd4 d5 11. Nc3 dxe4 12. Nxe5 Qe7 13. Nxc6 bxc6 14. Bg5 Qb4 15. Nxe4 Nxe4 16. Bxe4 Ba6 17. Re1 Bxd4 18. Qf3 Rac8 19. Rab1 Rfe8 20. a3 Qc5 21. Bh4 Qb6 22. b4 Re6 23. Bc2 Bc4 24. Bb3 Bxb3 25. Qxb3 Rce8 26. Rxe6 Rxe6 27. Qc2 a5 28. Qd3 axb4 29. axb4 Bf6 30. Bg3 Be5 1/2-1/2

[Event "Eastern Asia-ch U12 Girls"]
[Site "Tornelo INT"]
[Date "2021.10.23"]
[Round "6"]
[White "Davari, Sara"]
[Black "Mai, Hieu Linh"]
[Result "1/2-1/2"]
[WhiteElo "1455"]
[BlackElo "1411"]
[PlyCount "82"]
[EventDate "2021.10.22"]
[EventType "swiss"]
[EventRounds "9"]
[EventCountry "NET"]
[SourceTitle "EXT 2023"]
[Source "ChessBase"]
[SourceDate "2022.10.05"]
[SourceVersion "1"]
[SourceVersionDate "2022.10.05"]
[SourceQuality "1"]

1. e4 e5 2. Nf3 Nc6 3. Bc4 Bc5 4. c3 Nf6 5. d3 d6 6. 0-0 a6 7. Bb3 0-0 8. Nbd2 Ba7 9. h3 Ne7 10. Re1 Ng6 11. Nf1 c6 12. Ng3 d5 13. Bg5 Qb6 14. Be3 Qc7 15. Bg5 dxe4 16. dxe4 Nd7 17. Nf5 Nc5 18. Qd6 Qxd6 19. Nxd6 Nxb3 20. axb3 Bc5 21. Rad1 h6 22. Be3 Bxe3 23. Rxe3 Be6 24. Nxb7 Bxb3 25. Ra1 Rfb8 26. Na5 Rb6 27. Nd2 Be6 28. b4 Nf4 29. Ndc4 Bxc4 30. Nxc4 Rb5 31. Kh2 c5 32. Nd6 Rb6 33. bxc5 Rc6 34. Ra5 Ne6 35. Nc4 f6 36. Nb6 Ra7 37. Na4 Rac7 38. Rd3 Nxc5 39. Nxc5 Rxc5 40. Rxa6 Rxc3 41. Rxc3 Rxc3 1/2-1/2

[Event "Wch FIDE Online U12 Girls Asia qual"]
[Site "Tornelo INT"]
[Date "2020.12.12"]
[Round "3"]
[White "Mai, Hieu Linh"]
[Black "Li, Joy Ching"]
[Result "1-0"]
[WhiteElo "1451"]
[BlackElo "1244"]
[PlyCount "81"]
[EventDate "2020.12.11"]
[EventType "swiss (rapid)"]
[EventRounds "7"]
[EventCountry "ISS"]
[SourceTitle "EXT 2022"]
[Source "ChessBase"]
[SourceDate "2021.10.06"]
[SourceVersion "1"]
[SourceVersionDate "2021.10.06"]
[SourceQuality "1"]

1. e4 d5 2. exd5 Nf6 3. Nc3 Nxd5 4. Bc4 e6 5. Nxd5 exd5 6. Bb3 c5 7. d4 c4 8. Ba4+ Bd7 9. Bxd7+ Qxd7 10. Nf3 Be7 11. 0-0 0-0 12. Bf4 Nc6 13. c3 a6 14. Qd2 b5 15. Ne5 Nxe5 16. Bxe5 Bd6 17. Rfe1 Rfe8 18. h3 a5 19. Qf4 Bxe5 20. Rxe5 Rxe5 21. dxe5 b4 22. Rd1 Rd8 23. Qd4 Qb5 24. f4 h6 25. f5 a4 26. f6 g6 27. Qh4 Kh7 28. Qf2 a3 29. bxa3 b3 30. Qb2 Rb8 31. axb3 Qc5+ 32. Qf2 Qxf2+ 33. Kxf2 Rxb3 34. Rxd5 Rxc3 35. Rc5 Rxa3 36. Rxc4 Ra5 37. Re4 g5 38. Re3 Kg6 39. g4 Ra4 40. Kg3 Rf4 41. h4 1-0

[Event "VIE-chT (Women)"]
[Site "Bac Giang"]
[Date "2020.06.06"]
[Round "1.11"]
[White "Dong, Khanh Linh"]
[Black "Mai, Hieu Linh"]
[Result "1-0"]
[WhiteElo "2019"]
[BlackElo "1451"]
[PlyCount "55"]
[EventDate "2020.06.06"]
[EventType "swiss"]
[EventRounds "9"]
[EventCountry "VIE"]
[SourceTitle "CBM 197 Extra"]
[Source "ChessBase"]
[SourceDate "2020.09.30"]
[SourceVersion "1"]
[SourceVersionDate "2020.09.30"]
[SourceQuality "1"]

1. d4 d5 2. c4 c6 3. Nf3 Nf6 4. e3 Bf5 5. Bd3 Bxd3 6. Qxd3 e6 7. Nbd2 Nbd7 8. 0-0 Bd6 9. e4 dxe4 10. Nxe4 Nxe4 11. Qxe4 Nf6 12. Qc2 0-0 13. b3 Re8 14. Bb2 Qc7 15. Rad1 Rad8 16. Rfe1 h6 17. Rd3 Nh5 18. g3 c5 19. d5 exd5 20. Rxe8+ Rxe8 21. Rxd5 Nf6 22. Bxf6 gxf6 23. Qf5 Kg7 24. Qg4+ Kh7 25. Nh4 Be5 26. Rd7 Rg8 27. Qf5+ Kg7 28. Qg6+ 1-0

[Event "VIE-ch U11 Girls"]
[Site "Hanoi"]
[Date "2020.??.??"]
[Round "3"]
[White "Nguyen, Bao Chau"]
[Black "Mai, Hieu Linh"]
[Result "0-1"]
[WhiteElo "1092"]
[BlackElo "1451"]
[PlyCount "70"]
[EventDate "2020.10.22"]
[EventType "tourn"]
[EventRounds "7"]
[EventCountry "VIE"]
[SourceTitle "EXT 2022"]
[Source "ChessBase"]
[SourceDate "2021.10.06"]
[SourceVersion "1"]
[SourceVersionDate "2021.10.06"]
[SourceQuality "1"]

1. e4 e5 2. Nf3 Nc6 3. Bc4 Bc5 4. c3 Nf6 5. d4 exd4 6. e5 d5 7. Bb5 Ne4 8. cxd4 Bb6 9. 0-0 Bg4 10. Be3 0-0 11. Bxc6 bxc6 12. Nc3 f6 13. Kh1 fxe5 14. dxe5 Nxc3 15. bxc3 Qe7 16. Bxb6 axb6 17. Re1 Bxf3 18. gxf3 Qe6 19. Qd3 Rf5 20. Qe3 Raf8 21. Re2 Rxf3 22. Qd2 R8f5 23. Rae1 Rh5 24. Re4 dxe4 25. Qd8+ Rf8 26. Qxc7 Qxe5 27. Qxe5 Rxe5 28. Kg2 Rg5+ 29. Kh3 Rxf2 30. Rxe4 Rxa2 31. Re8+ Kf7 32. Rc8 Rc5 33. Rc7+ Kg6 34. Rd7 Rxc3+ 35. Kg4 Ra4+ 0-1

[Event "VIE-chT (Women)"]
[Site "Ho Chi Minh City"]
[Date "2019.09.27"]
[Round "3.28"]
[White "Mai, Hieu Linh"]
[Black "Tran, Thi Kim Lien"]
[Result "1-0"]
[WhiteElo "1344"]
[BlackElo "1822"]
[PlyCount "53"]
[EventDate "2019.09.26"]
[EventType "swiss"]
[EventRounds "9"]
[EventCountry "VIE"]
[SourceTitle "EXT 2020"]
[Source "ChessBase"]
[SourceDate "2019.10.17"]
[SourceVersion "1"]
[SourceVersionDate "2019.10.17"]
[SourceQuality "1"]

1. e4 e5 2. Nf3 Nf6 3. Nc3 d6 4. Bc4 h6 5. h3 Be7 6. d3 a6 7. Be3 Nc6 8. d4 0-0 9. 0-0 Rb8 10. a4 Bd7 11. d5 Nb4 12. Nd2 c6 13. a5 cxd5 14. exd5 Bf5 15. Bb3 Rc8 16. Nc4 Nxc2 17. Bb6 Qd7 18. Ba4 Rc6 19. dxc6 bxc6 20. Bxc2 Be6 21. Qd3 g6 22. Rad1 Ne8 23. Nxe5 dxe5 24. Qxd7 Bxd7 25. Rxd7 Bb4 26. Ne2 f5 27. Bc5 1-0

[Event "Wch U10 Girls"]
[Site "Weifang"]
[Date "2019.08.28"]
[Round "7"]
[White "Mai, Hieu Linh"]
[Black "Rouda Essa, Alserkal"]
[Result "1/2-1/2"]
[WhiteElo "1344"]
[BlackElo "1601"]
[PlyCount "81"]
[EventDate "2019.08.21"]
[EventType "swiss"]
[EventRounds "11"]
[EventCountry "CHN"]
[SourceTitle "EXT 2020"]
[Source "ChessBase"]
[SourceDate "2019.10.17"]
[SourceVersion "1"]
[SourceVersionDate "2019.10.17"]
[SourceQuality "1"]

1. e4 e5 2. Nf3 Nc6 3. Bc4 Bc5 4. c3 Nf6 5. d3 a6 6. Bb3 d6 7. 0-0 Ba7 8. Re1 0-0 9. Nbd2 Ng4 10. Re2 Kh8 11. h3 Nh6 12. Nf1 f5 13. Bg5 Qe8 14. Bxh6 gxh6 15. exf5 Bxf5 16. Kh2 Bxh3 17. Kxh3 Qh5+ 18. Nh4 Rf4 19. g3 Qg4+ 20. Kg2 Raf8 21. Ne3 Qg5 22. Qh1 Ne7 23. Rf1 c6 24. Qh2 R4f6 25. Qh1 d5 26. c4 d4 27. Nc2 c5 28. Ne1 Bb8 29. Qh3 Ng6 30. Nhf3 Nf4+ 31. Kh1 Nxh3 32. Nxg5 Nxg5 33. Kg2 Kg7 34. Nc2 Rf3 35. Ne1 R3f6 36. Nc2 Ne6 37. Rfe1 Rg6 38. Kh2 Ng5 39. Kg2 Rgf6 40. Na3 Rg6 41. Nb1 1/2-1/2

[Event "Wch U10 Girls"]
[Site "Weifang"]
[Date "2019.08.25"]
[Round "5"]
[White "Mai, Hieu Linh"]
[Black "Mou, Iris Zhaoying"]
[Result "1/2-1/2"]
[WhiteElo "1344"]
[BlackElo "1669"]
[PlyCount "108"]
[EventDate "2019.08.21"]
[EventType "swiss"]
[EventRounds "11"]
[EventCountry "CHN"]
[SourceTitle "EXT 2020"]
[Source "ChessBase"]
[SourceDate "2019.10.17"]
[SourceVersion "1"]
[SourceVersionDate "2019.10.17"]
[SourceQuality "1"]

1. e4 e6 2. d4 d5 3. Nd2 h6 4. e5 c5 5. c3 Nc6 6. Ndf3 Qb6 7. Bd3 Bd7 8. Ne2 cxd4 9. cxd4 Nb4 10. Bb1 Bb5 11. a3 Bxe2 12. Qxe2 Nc6 13. Be3 Na5 14. Bd3 a6 15. Rc1 Ne7 16. 0-0 Nf5 17. b4 Nc6 18. Bxf5 exf5 19. Qd3 Ne7 20. Rc3 Qe6 21. Rfc1 Nc8 22. Rc7 Nb6 23. Nd2 Rb8 24. Qb3 Na8 25. R7c3 Be7 26. Qc2 0-0 27. Nb3 Nb6 28. Na5 Rfc8 29. Qb3 Qd7 30. h3 Rxc3 31. Rxc3 Na4 32. Rc1 Nb6 33. Qd3 Rc8 34. Qf1 Na4 35. Rxc8+ Qxc8 36. Qc1 Qd7 37. Qc2 Bd8 38. Nxb7 Qxb7 39. Qxa4 Qb5 40. Qxb5 axb5 41. Kf1 g5 42. Ke2 f4 43. Bc1 Bb6 44. Bb2 Kf8 45. Kd3 Ke7 46. Kc2 Kd7 47. Kb3 Kc6 48. a4 Ba7 49. a5 Kd7 50. g4 Ke7 51. Kc2 Kf8 52. Kd3 Kg7 53. Bc1 Kg6 54. h4 Kg7 1/2-1/2

[Event "Wch U10 Girls"]
[Site "Weifang"]
[Date "2019.08.24"]
[Round "4"]
[White "Mai, Hieu Linh"]
[Black "Feng, Angela"]
[Result "1-0"]
[WhiteElo "1344"]
[BlackElo "1426"]
[PlyCount "65"]
[EventDate "2019.08.21"]
[EventType "swiss"]
[EventRounds "11"]
[EventCountry "CHN"]
[SourceTitle "EXT 2020"]
[Source "ChessBase"]
[SourceDate "2019.10.17"]
[SourceVersion "1"]
[SourceVersionDate "2019.10.17"]
[SourceQuality "1"]

1. e4 e5 2. Nf3 Nc6 3. Bc4 Bc5 4. c3 Nf6 5. d3 a6 6. Bb3 Ba7 7. 0-0 0-0 8. Nbd2 d6 9. Re1 Ng4 10. Re2 Kh8 11. h3 Nh6 12. Nf1 f5 13. Bxh6 gxh6 14. exf5 Bxf5 15. Kh2 Qf6 16. Ng3 Bd7 17. Qd2 Rae8 18. Rae1 Qg7 19. Re4 Na5 20. Bd1 Nc6 21. d4 exd4 22. cxd4 Bb6 23. a3 Ne7 24. Nh5 Qg6 25. Rxe7 Rxe7 26. Rxe7 Bxh3 27. gxh3 Qxh5 28. Ne5 Qf5 29. Ng4 h5 30. Bc2 Qf4+ 31. Qxf4 Rxf4 32. Kg3 Rf8 33. Rxh7+ 1-0

[Event "Wch U10 Girls blitz"]
[Site "Minsk"]
[Date "2018.06.24"]
[Round "4"]
[White "Shvedova, Alexandra"]
[Black "Mai, Hieu Linh"]
[Result "1-0"]
[WhiteElo "1529"]
[BlackElo "1223"]
[PlyCount "69"]
[EventDate "2018.06.24"]
[EventType "swiss (blitz)"]
[EventRounds "9"]
[EventCountry "BLR"]
[SourceTitle "EXT 2019"]
[Source "ChessBase"]
[SourceDate "2018.10.10"]
[SourceVersion "1"]
[SourceVersionDate "2018.10.10"]
[SourceQuality "1"]

1. e4 e5 2. Nf3 Nc6 3. Bc4 Bc5 4. c3 Nf6 5. d4 exd4 6. e5 d5 7. Bb5 Ne4 8. cxd4 Bb6 9. Nc3 Nxc3 10. bxc3 Bd7 11. Ba3 a6 12. Bd3 Be6 13. 0-0 Qd7 14. Ng5 h6 15. Nxe6 Qxe6 16. Qf3 Ne7 17. Qg3 0-0 18. Kh1 Rfe8 19. f4 Nf5 20. Qh3 Ne7 21. f5 Qc6 22. f6 Ng6 23. Bxg6 fxg6 24. f7+ Kh7 25. fxe8Q Rxe8 26. Qf3 Qa4 27. Qf7 Rg8 28. Bf8 Qc4 29. Rf6 Qd3 30. Raf1 Ba5 31. e6 Bxc3 32. e7 Bxd4 33. Rxg6 Bc5 34. Rxg7+ Rxg7 35. Qxg7# 1-0

[Event "Wch U10 Girls rapid"]
[Site "Minsk"]
[Date "2018.06.22"]
[Round "3"]
[White "Mai, Hieu Linh"]
[Black "Zavivaeva, Evelina"]
[Result "0-1"]
[WhiteElo "1313"]
[BlackElo "1416"]
[PlyCount "158"]
[EventDate "2018.06.22"]
[EventType "swiss (rapid)"]
[EventRounds "9"]
[EventCountry "BLR"]
[SourceTitle "EXT 2019"]
[Source "ChessBase"]
[SourceDate "2018.10.10"]
[SourceVersion "1"]
[SourceVersionDate "2018.10.10"]
[SourceQuality "1"]

1. e4 e6 2. d4 d5 3. Nd2 Be7 4. exd5 exd5 5. Ngf3 Nf6 6. Bd3 b6 7. c3 0-0 8. 0-0 Ba6 9. Bxa6 Nxa6 10. Ne5 Nb8 11. Re1 Bd6 12. Ndf3 c5 13. dxc5 bxc5 14. Bg5 Be7 15. Bxf6 Bxf6 16. Ng4 Be7 17. Re5 Nc6 18. Rxd5 Qb6 19. Qc2 Rfd8 20. Rh5 g6 21. Rh3 Bf8 22. Ng5 Bg7 23. Nxh7 Ne7 24. g3 Nf5 25. Ng5 Qc7 26. Ne4 Qc6 27. Re1 Re8 28. Re2 Rac8 29. Ng5 Rxe2 30. Qxe2 Re8 31. Qf1 a5 32. f3 c4 33. Ne4 Qb6+ 34. Qf2 Qxf2+ 35. Kxf2 Kf8 36. Nef6 Bxf6 37. Nxf6 Re6 38. Nd7+ Ke7 39. Nc5 Rc6 40. Ne4 Rb6 41. g4 Ng7 42. a4 Rxb2+ 43. Ke3 Ra2 44. Nc5 Ne6 45. Nxe6 Kxe6 46. Rh8 Rxa4 47. Kd4 f5 48. gxf5+ Kxf5 49. Rf8+ Ke6 50. Rc8 Ra2 51. h4 Rh2 52. Kxc4 Rxh4+ 53. Kb3 a4+ 54. Ka3 Rf4 55. Rc6+ Kf5 56. Rc5+ Kf6 57. Rc6+ Kf7 58. Rc7+ Kf6 59. Rc6+ Kg5 60. Rc5+ Kh4 61. Rc8 g5 62. Rh8+ Kg3 63. Rg8 Rf5 64. Kxa4 Kxf3 65. Kb4 g4 66. c4 g3 67. c5 g2 68. c6 Rf4+ 69. Kb5 Rg4 70. Rf8+ Kg3 71. c7 g1Q 72. c8Q Qb1+ 73. Ka5 Qb4+ 74. Ka6 Rg6+ 75. Ka7 Qb6+ 76. Ka8 Qa5+ 77. Kb8 Rb6+ 78. Kc7 Rg6+ 79. Kd7 Qd5+ 0-1